000 01375nam0a2200325 4500
001 RU\NLR\ONL1\23110
005 20250613223828.0
035 _a(NLR Aleph) 010208831
090 _a10265445
_c10265445
100 _a20130513d1922 |||y0rusy50 ca
101 0 _akom
102 _aRU
105 _aa |||||||||
135 _acrmn mmmanaba
200 1 _aШыпас jöртöд
_eкомион лыддысны велöданчан њига
_fЖан-Морос (И. Т. Чисталев)
210 _aСыктывкар
_cКоми њига лез. ин
_d1922
215 _a21 с.
_cил.
_d26
325 1 _aКопия доступна в электронной библиотеке РНБ
541 1 _aБукварь коми языка
_zrus
606 0 _aКоми-зырянский язык
_xБуквари
_92175256
_3RU\NLR\auth-onl\6624
686 1 _aШ166.421-920
700 1 _aЧисталев
_bИ. Т.
_f1893-1923
_gИона Тимофеевич
_4070
801 0 _aRU
_bNLR
_c20130513
_gPSBO
852 _aNLR
_bОНЛ
_jКоми-з./4-120
901 _eКнижные издания: ОНЛ
942 _cBOOK
980 _aNB
981 2 3 _a(23) Национальные литературы
_b(23) Книги на национальных языках